Normal view
MARC view
- Farooq,Laraib
Entry Personal Name
001 - CONTROL NUMBER
- control field: 5130
003 - CONTROL NUMBER IDENTIFIER
- control field: NUST
005 - DATE AND TIME OF LATEST TRANSACTION
- control field: 20171002123912.0
008 - FIXED-LENGTH DATA ELEMENTS
- fixed length control field: 171002|| aca||aabn | a|a d
040 ## - CATALOGING SOURCE
- Original cataloging agency: NUST
- Transcribing agency: NUST
100 ## - HEADING--PERSONAL NAME
- Personal name: Farooq,Laraib
670 ## - SOURCE DATA FOUND
- Source citation: Work cat.: (NUST): Farooq,Laraib, Human trafficking and labor exploitation in Pakistan: a investigation , 2016
